000 01467nam2a22002531 4500
001 rc\162743
005 20250621061440.0
035 _a(NLR Aleph) 005615802
090 _a6453708
_c6453708
100 _a20030307d1996 |||y0rusy50 ca
101 0 _arus
102 _aRU
105 _aa |||||||||
200 1 _aПрименения численных методов
210 _d1996
_aБ. м.
215 _a174 с.
_cграф.
320 _aБиблиогр. в конце ст.
423 0 _12001#$aГеометрические задачи$f[Ред. М.Д. Рамазанов]
_tГеометрические задачи
461 0 _1001rc\162742
_12001#$aКОМПЛЕКСНЫЙ анализ, дифференциальные уравнения, численные методы и приложения$e[Сб. науч. ст.]$fРос. акад. наук. Уфим. науч. центр, Ин-т математики с ВЦ$g[Редкол.: д. ф.-м. н. И.Ф. Красичков-Терновский (отв. ред.) и др.]$v6
_96453701
_cУфа
_d1996
_fРос. акад. наук. Уфим. науч. центр, Ин-т математики с ВЦ
_nИМВЦ
_o[Сб. науч. ст.]
_tКОМПЛЕКСНЫЙ анализ, дифференциальные уравнения, численные методы и приложения
_v6
801 0 _aRU
_bNLR
_gpsbo
801 1 _aRU
_bELAR
_2rusmarc
852 _aNLR
_j97-3/11875
942 _cBOOK
980 _aNB